• 首页
  • 本馆介绍
  • 公告通知
  • 最新文献
  • 馆藏检索
  • 电子资源
  • 读者导购
  • 参考咨询
  • 我的图书馆
  • 登录
  • 详细信息显示
  • 放入我的书架
  • 预约/预借图书
  • 作者相关作品
  • 分类相关作品
  • 丛书相关作品
  • 出版社相关作品

书目信息

  • 表格格式
  • 工作单格式
  • 卡片格式
题名:
风湿类风湿居家调养保健百科
    
 
作者: 田建华 , 张伟 主编
分册:  
出版信息: 石家庄   河北科学技术出版社  2013.03
页数: 13, 302页
开本: 24cm
丛书名: 家庭健康书系
单 册:
中图分类: R593.21 , R593.22
科图分类:
主题词: 风湿性疾病--feng shi xing ji bing--家庭保健 , 类风湿性关节炎--lei feng shi xing guan jie yan--家庭保健
电子资源:
ISBN: 978-7-5375-5701-6
000 01346nam 2200277 450
001 2369644534
005 20231122192101.29
010    @a978-7-5375-5701-6@dCNY89.00
100    @a20220707d2013 em y0chiy50 ea
101 0  @achi
102    @aCN@b130000
105    @aa z 000yy
200 1  @a风湿类风湿居家调养保健百科@Afeng shi lei feng shi ju jia tiao yang bao jian bai ke@f主编田建华, 张伟
210    @a石家庄@c河北科学技术出版社@d2013.03
215    @a13, 302页@c图@d24cm
225 2  @a家庭健康书系@Ajia ting jian kang shu xi
330    @a本书共分为八章, 第一章为总述, 总体讲了风湿性疾病的概念、危害、常见症状以及中医是如何看待风湿病等内容 ; 第二章至第八章分别针对各种病症的具体情况, 从不同的角度进行论述, 帮助读者更全面地、深刻地了解风湿性疾病的各种表现, 患者可以通过食疗食补等方式, 科学地饮食, 少吃药或是做到不吃药, 避免吃药对身体带来的副作用, 按摩、刮痧、拔罐等各种治疗方式更是让病人少花钱, 少受罪, 而且如果能及早发现风湿性疾病, 并采取正确的治疗方式, 更是对疾病有莫大的帮助。
410  0 @12001 @a家庭健康书系
606 0  @a风湿性疾病@Afeng shi xing ji bing@x家庭保健
606 0  @a类风湿性关节炎@Alei feng shi xing guan jie yan@x家庭保健
690    @aR593.21@v5
690    @aR593.22@v5
701  0 @a田建华@Atian jian hua@4主编
701  0 @a张伟@Azhang wei@4主编
801  0 @aCN@b人天书店@c20220707
905    @aBZT@dR593.21@e6
    
    风湿类风湿居家调养保健百科/主编田建华, 张伟.-石家庄:河北科学技术出版社,2013.03
    13, 302页:图;24cm.-(家庭健康书系)
    
    
    ISBN 978-7-5375-5701-6:CNY89.00
    本书共分为八章, 第一章为总述, 总体讲了风湿性疾病的概念、危害、常见症状以及中医是如何看待风湿病等内容 ; 第二章至第八章分别针对各种病症的具体情况, 从不同的角度进行论述, 帮助读者更全面地、深刻地了解风湿性疾病的各种表现, 患者可以通过食疗食补等方式, 科学地饮食, 少吃药或是做到不吃药, 避免吃药对身体带来的副作用, 按摩、刮痧、拔罐等各种治疗方式更是让病人少花钱, 少受罪, 而且如果能及早发现风湿性疾病, 并采取正确的治疗方式, 更是对疾病有莫大的帮助。
●
相关链接 在五车中查询图书 在当当中查询图书 在豆瓣中查询图书


正题名:风湿类风湿居家调养保健百科     索取号:R593.21/6         预约/预借

序号 登录号 条形码 馆藏地/架位号 状态 备注
1 2001072961   2001072961   东辅楼二楼书库/ [索取号:R593.21/6] 在馆    
2 2001072962   2001072962   东辅楼二楼书库/ [索取号:R593.21/6] 在馆    
3 2001072963   2001072963   东辅楼二楼书库/ [索取号:R593.21/6] 在馆    
4 2001072964   2001072964   东辅楼二楼书库/ [索取号:R593.21/6] 在馆    
5 2001072965   2001072965   东辅楼二楼书库/ [索取号:R593.21/6] 在馆    
6 2001072966   2001072966   东辅楼二楼书库/ [索取号:R593.21/6] 在馆    
7 2001072967   2001072967   东辅楼二楼书库/ [索取号:R593.21/6] 在馆    
8 2001072968   2001072968   东辅楼二楼书库/ [索取号:R593.21/6] 在馆    
9 2001072969   2001072969   东辅楼二楼书库/ [索取号:R593.21/6] 在馆    
10 2001072970   2001072970   东辅楼二楼书库/ [索取号:R593.21/6] 在馆    
11 2001072971   2001072971   东辅楼二楼书库/ [索取号:R593.21/6] 在馆    
12 2001072972   2001072972   东辅楼二楼书库/ [索取号:R593.21/6] 在馆    
13 2001072973   2001072973   东辅楼二楼书库/ [索取号:R593.21/6] 在馆    
14 2001072974   2001072974   东辅楼二楼书库/ [索取号:R593.21/6] 在馆    
15 2001072975   2001072975   东辅楼二楼书库/ [索取号:R593.21/6] 在馆    
16 2001072976   2001072976   东辅楼二楼书库/ [索取号:R593.21/6] 在馆    
17 2001072977   2001072977   东辅楼二楼书库/ [索取号:R593.21/6] 在馆    
18 2001072978   2001072978   东辅楼二楼书库/ [索取号:R593.21/6] 在馆    
19 2001072979   2001072979   东辅楼二楼书库/ [索取号:R593.21/6] 在馆    
20 2001072980   2001072980   东辅楼二楼书库/ [索取号:R593.21/6] 在馆    
21 2001072981   2001072981   东辅楼二楼书库/ [索取号:R593.21/6] 在馆    
22 2001072982   2001072982   东辅楼二楼书库/ [索取号:R593.21/6] 在馆    
23 2001072983   2001072983   东辅楼二楼书库/ [索取号:R593.21/6] 在馆    
24 2001072984   2001072984   东辅楼二楼书库/ [索取号:R593.21/6] 在馆    
25 2001072985   2001072985   东辅楼二楼书库/ [索取号:R593.21/6] 在馆    
26 2001072986   2001072986   东辅楼二楼书库/ [索取号:R593.21/6] 在馆    
27 2001072987   2001072987   东辅楼二楼书库/ [索取号:R593.21/6] 在馆    
28 2001072988   2001072988   东辅楼二楼书库/ [索取号:R593.21/6] 在馆    
29 2001072989   2001072989   东辅楼二楼书库/ [索取号:R593.21/6] 在馆    
30 2001072990   2001072990   东辅楼二楼书库/ [索取号:R593.21/6] 在馆    
山东省滨州职业学院图书馆 欢迎您!
大连网信软件有限公司© 版权所有